000 01127nam a2200325 i 4500
003 EG-GICUC
005 20260124103409.0
008 251213s1996 ua ||||fr|||| 00| 0 ara d
017 _a1996/3436
020 _a9771903691
040 _a EG-GICUC
_bara
_c EG-GICUC
_d EG-GICUC
_erda
041 0 _aara
082 0 4 _221
_a343.47
_bم ج . أ
092 0 4 _221
099 _aLaw1 10 343.47 م ج . أ 1996
100 0 _aمجدى محب حافظ
_eمؤلف.
245 1 0 _aالأمن السياحي /
_cمجدي محب حافظ.
264 1 _a[مكان النشر غير محدد] :
_b[الناشر غير محدد]،
_c1996.
300 _a124 صفحة ؛
_c24 سم.
336 _2rda content
_atext
337 _2rda media
_aComputer
338 _2rda carrier
_aOnline Resource
504 _aببليوجرافيا: صفحات ١٢٤ - ١٢١.
546 _aالنص باللغة العربية
650 1 4 _aتشريعات جنائية خاصة أخرى
650 1 4 _aالقانون الجنائي
856 4 0 _uhttps://fll.law.cu.edu.eg/fulltext/bks/B10-07058.pdf
905 _a77
_eEman
942 _2ddc
_cBK
_e21
_n0
999 _c49907
_d49907